Ιστορία νεότερη : Β' ενιαίου λυκείου γενικής παιδείας
Αποθηκεύτηκε σε:
| Κύριος συγγραφέας: | |
|---|---|
| Συγγραφή απο Οργανισμό/Αρχή: | |
| Άλλοι συγγραφείς: | , |
| Μορφή: | Βιβλίο |
| Γλώσσα: | Greek |
| Δημοσίευση: |
Αθήνα :
Οργανισμός Εκδόσεως Διδακτικών Βιβλίων,
[2002]
|
| Θέματα: | |
| Ετικέτες: |
Προσθήκη ετικέτας
Δεν υπάρχουν, Καταχωρήστε ετικέτα πρώτοι!
|
MARC
| LEADER | 00000cam a2200000 i 4500 | ||
|---|---|---|---|
| 001 | 1/76208 | ||
| 008 | 080228s2002 gr | ||| |||| ||gre|| | ||
| 020 | |a 9600605408 | ||
| 035 | |l 10095119 | ||
| 040 | |a GR-MY-UA |b gre |e aacr | ||
| 041 | 0 | |a gre | |
| 082 | 0 | |a 907 |2 (22) | |
| 100 | 1 | |a Σκουλάτος, Βασίλειος. | |
| 245 | 1 | 0 | |a Ιστορία νεότερη : |b Β' ενιαίου λυκείου γενικής παιδείας / |c Β. Σκουλάτου - Ν. Δημακοπούλου - Σ. Κόνδη ; Υπουργείο Εθνικής Παιδείας και Θρησκευμάτων. Παιδαγωγικό Ινστιτούτο |
| 260 | |a Αθήνα : |b Οργανισμός Εκδόσεως Διδακτικών Βιβλίων, |c [2002] | ||
| 300 | |a 317 σ.; |c 24 εκ. | ||
| 650 | 0 | 0 | |a History |x Study and teaching |z Greece. |
| 700 | 1 | |a Δημακόπουλος, Νικόλαος. | |
| 700 | 1 | |a Κόνδης, Σωτήριος. | |
| 710 | 2 | |a Παιδαγωγικό Ινστιτούτο. | |
| 852 | |a INST |b RHODES |e 20080228 |h 907 ΣΚΟ |p 005400029644 |q 005400029644 |t BK |y 0 | ||
| 901 | |a BIBL4-2008-1 | ||
| 909 | |a Ρ |b 128433 | ||
| 920 | |a ΕΡΓΑΣΤΗΡΙΟ ΙΣΤΟΡΙΑΣ |y Ρόδος |z 2008-02 | ||
| 970 | |a ΚΟΖΑ |b ΜΑΡΙΑ |z 2008/02/28 | ||